Statistics for Animal Crossing Games

Click here to take the quiz!

General Stats

  • This quiz has been taken 12 times
  • The average score is 6 of 8

Answer Stats

YearGame% Correct
2020New Horizons
100%
2012New Leaf
100%
2001Animal Crossing
90%
2008City Folk
80%
2015
(Spin-off)
Happy Home Designer
70%
2005Wild World
70%
2015
(Spin-off)
Amiibo Festival
60%
2017
(Spin-off)
Pocket Camp
40%

Score Distribution

Percentile by Number Answered

Percent of People with Each Score

Your Score History

You have not taken this quiz